[Event "Toronto NAYCC U14"]
[Site "Toronto"]
[Date "2013.08.18"]
[Round "9"]
[White "Cheung, Lukas"]
[Black "Handigol, Abhishek"]
[Result "1-0"]
[WhiteElo "1604"]
[BlackElo "2023"]
[PlyCount "77"]
[EventDate "2013.08.14"]
[EventType "swiss"]
[EventRounds "9"]
[EventCountry "CAN"]
[SourceTitle "EXT 2022"]
[Source "ChessBase"]
[SourceDate "2021.10.06"]
[SourceVersion "1"]
[SourceVersionDate "2021.10.06"]
[SourceQuality "1"]

1. d4 d5 2. c4 e5 3. e3 exd4 4. exd4 Nf6 5. Bg5 Be7 6. Nc3 Be6 7. c5 0-0 8. Nf3 Nbd7 9. h3 c6 10. Bd3 Qc7 11. 0-0 b6 12. b4 bxc5 13. bxc5 Rab8 14. Qd2 Qd8 15. Bf4 Rb7 16. Ba6 Rb4 17. a3 Rb8 18. Bxb8 Nxb8 19. Bd3 Qc7 20. Rab1 Nh5 21. Rfe1 Nf4 22. Bc2 Nd7 23. h4 h6 24. Ne5 g5 25. Nd3 Kh8 26. Nxf4 gxf4 27. Ne2 Qd8 28. Nxf4 Bxh4 29. Nxe6 Bxf2+ 30. Kf1 Qh4 31. Nxf8 Bg3 32. Nxd7 Qh1+ 33. Ke2 Qxg2+ 34. Kd3 Qf3+ 35. Re3 Qf5+ 36. Kc3 Qxd7 37. Rxg3 Qe6 38. Rb8+ Qe8 39. Rxe8# 1-0

[Event "Toronto NAYCC U14"]
[Site "Toronto"]
[Date "2013.08.17"]
[Round "7"]
[White "Cheung, Lukas"]
[Black "Baskaran, Karthik"]
[Result "1-0"]
[WhiteElo "1604"]
[BlackElo "1382"]
[PlyCount "75"]
[EventDate "2013.08.14"]
[EventType "swiss"]
[EventRounds "9"]
[EventCountry "CAN"]
[SourceTitle "EXT 2022"]
[Source "ChessBase"]
[SourceDate "2021.10.06"]
[SourceVersion "1"]
[SourceVersionDate "2021.10.06"]
[SourceQuality "1"]

1. d4 d5 2. c4 e6 3. Nc3 c6 4. Bf4 Bd6 5. Bxd6 Qxd6 6. c5 Qc7 7. b4 Nf6 8. Nf3 Nbd7 9. e3 e5 10. Be2 exd4 11. exd4 0-0 12. 0-0 Re8 13. Bd3 Nf8 14. h3 Ng6 15. Qd2 Nf4 16. Bc2 h6 17. Ne5 Ne6 18. Ne2 Nxd4 19. Nxd4 Rxe5 20. f4 Re8 21. g4 Ne4 22. Rae1 Bd7 23. Bxe4 dxe4 24. Qg2 a5 25. g5 hxg5 26. fxg5 axb4 27. g6 f6 28. Qf2 Ra3 29. Nb3 Qe5 30. Qh4 Qg5+ 31. Qxg5 fxg5 32. Rf7 Bxh3 33. Rxb7 Bf5 34. Rxb4 Bxg6 35. Nd4 Rxa2 36. Nxc6 Rc8 37. Ne7+ Kf7 38. Nxc8 1-0

[Event "CAN-ch U12"]
[Site "Vancouver"]
[Date "2012.07.05"]
[Round "6"]
[White "Gedajlovic, Max"]
[Black "Cheung, Lukas"]
[Result "1/2-1/2"]
[WhiteElo "1695"]
[BlackElo "1429"]
[PlyCount "143"]
[EventDate "2012.07.03"]
[EventType "swiss"]
[EventRounds "7"]
[EventCountry "CAN"]
[SourceTitle "EXT 2022"]
[Source "ChessBase"]
[SourceDate "2021.10.06"]
[SourceVersion "1"]
[SourceVersionDate "2021.10.06"]
[SourceQuality "1"]

1. d4 d5 2. c4 c6 3. Nf3 Nf6 4. Nc3 e6 5. e3 Nbd7 6. Be2 Bd6 7. 0-0 0-0 8. Qc2 e5 9. dxe5 Nxe5 10. cxd5 cxd5 11. Rd1 Ng6 12. Nb5 Be6 13. Nxd6 Qxd6 14. h3 Rac8 15. Qd3 Rfd8 16. b3 Ne5 17. Nxe5 Qxe5 18. Qd4 Qxd4 19. Rxd4 Ne4 20. Bd3 h6 21. Bb2 f5 22. Rd1 Re8 23. Rb4 b6 24. Rd4 Rc5 25. Ra4 Ra8 26. Bd4 Rcc8 27. Ba6 Rc7 28. Be5 Re7 29. Bd4 Rb8 30. Bd3 Rc8 31. Bxe4 dxe4 32. Rd2 Rd7 33. Kf1 Rdc7 34. Be5 Re7 35. Bb2 b5 36. Rad4 Kf7 37. Ke2 Rec7 38. Rb4 a6 39. Rbd4 Rc2 40. Rd6 a5 41. Ra6 a4 42. Ra7+ R2c7 43. Rxc7+ Rxc7 44. bxa4 Bxa2 45. axb5 Bc4+ 46. Ke1 Bxb5 47. Rd5 Bd7 48. Be5 Rb7 49. Rd1 Ba4 50. Rc1 g5 51. Rc7+ Rxc7 52. Bxc7 Kg6 53. g3 Bc2 54. Kf1 Bd3+ 55. Kg2 Be2 56. Be5 Bf3+ 57. Kh2 h5 58. Bd6 g4 59. h4 Kf6 60. Kg1 Ke6 61. Bf4 Kd5 62. Bg5 Kc4 63. Bf6 Kd3 64. Be5 Ke2 65. Bf4 Ke1 66. Bg5 Kd2 67. Bf4 Ke1 68. Bg5 Kd1 69. Bf4 Kc2 70. Bg5 Kd3 71. Bf4 Kd2 72. Bg5 1/2-1/2

[Event "CAN-ch U10"]
[Site "Windsor"]
[Date "2010.07.07"]
[Round "3"]
[White "McCullough, Ian"]
[Black "Cheung, Lukas"]
[Result "1-0"]
[WhiteElo "1090"]
[BlackElo "1040"]
[PlyCount "89"]
[EventDate "2010.07.06"]
[EventType "swiss"]
[EventRounds "7"]
[EventCountry "CAN"]
[SourceTitle "EXT 2012"]
[Source "ChessBase"]
[SourceDate "2011.11.24"]
[SourceVersion "1"]
[SourceVersionDate "2011.11.24"]
[SourceQuality "1"]

1. d4 d5 2. c4 dxc4 3. e4 b5 4. a4 c6 5. Nc3 Bd7 6. d5 cxd5 7. Qxd5 e6 8. Qxa8 b4 9. Na2 Qb6 10. Bf4 Bd6 11. Bxd6 Qxd6 12. Qxa7 b3 13. Nc3 f5 14. exf5 exf5 15. Qe3+ Ne7 16. Bxc4 Qc6 17. Bd5 Qf6 18. Nf3 Na6 19. 0-0 Bc6 20. Rfe1 Nb4 21. Bxc6+ Nbxc6 22. Nd5 Qd6 23. Nxe7 Nxe7 24. Qxe7+ Qxe7 25. Rxe7+ Kxe7 26. Nd4 Kf6 27. Nxb3 Rb8 28. Ra3 Rd8 29. Kf1 Rd1+ 30. Ke2 Rh1 31. g3 Rxh2 32. a5 Rh5 33. a6 f4 34. a7 Re5+ 35. Kf3 Re8 36. a8Q Rxa8 37. Rxa8 fxg3 38. fxg3 g5 39. Nd4 Kg6 40. b4 h5 41. b5 g4+ 42. Kf4 h4 43. gxh4 Kh5 44. b6 Kxh4 45. Rh8# 1-0

[Event "CAN-ch U10"]
[Site "Windsor"]
[Date "2010.07.07"]
[Round "4"]
[White "Wiebe, Ricky"]
[Black "Cheung, Lukas"]
[Result "0-1"]
[WhiteElo "996"]
[BlackElo "1040"]
[PlyCount "50"]
[EventDate "2010.07.06"]
[EventType "swiss"]
[EventRounds "7"]
[EventCountry "CAN"]
[SourceTitle "EXT 2012"]
[Source "ChessBase"]
[SourceDate "2011.11.24"]
[SourceVersion "1"]
[SourceVersionDate "2011.11.24"]
[SourceQuality "1"]

1. e4 e5 2. Nf3 Nc6 3. Bc4 Nf6 4. Nc3 d6 5. Ng5 Be6 6. Bxe6 fxe6 7. Nxe6 Qe7 8. Nd5 Nxd5 9. exd5 Nb4 10. Qf3 Nxc2+ 11. Kf1 Nxa1 12. Qe4 c6 13. dxc6 Qxe6 14. cxb7 Rb8 15. g3 Qxa2 16. Qb4 Qd5 17. Kg1 Rxb7 18. Qa4+ Rb5 19. Qxa1 Qe4 20. Qa3 d5 21. f3 Qe1+ 22. Kg2 Qe2+ 23. Kg1 Bxa3 24. bxa3 Rb1 25. h3 Rxc1# 0-1